=LDR 00000nam 2200000 4500 =001 INLIS000000000044428 =005 20131008105846 =008 ***********************************Ind** =035 ##$$0010-101300000002350 =041 ##$$a Ind =082 ##$$a 810 =090 ##$$a 810 , SAP s =100 ##$$a Sapardi Djoko Damono =245 ##$$a Sastra Indonesia Tahun 1970-an =260 ##$$a 2009 $b Jakarta =300 ##$$a 190 hlm. , 25 cm =850 ##$$a NBPNMAT